000 00655nam a22002057a 4500
999 _c14949
_d14949
003 AR-CdUCM
008 190417b ||||| |||| 00| 0 spa d
020 _a978-9972-59-270-6
040 _aMUNICIPALIDAD PROVINCIAL DEL CUSCO
_cBIBLIOTECA MUNICIPAL DEL CUSCO
082 _aPI / 803 /
_bSI56
110 _aCorporación gráfica Navarrete.
_928585
245 _aSimbad :
_bEl marino /
260 _aLima :
_bCorporación gráfica Navarrete,
_c2009.
300 _a95 páginas ;
_c19 cm.
440 _aColección ruiseñor.
_929353
505 _aContenido :Simbad, el marino.
650 _aCuentos
_9217
942 _2ddc
_cLIBROS
945 _arum
_d2019-04-25